000 00634nam a2200205Ia 4500
005 20250508154119.0
008 008 250505s9999 xx 000 0 eng d
037 _aTextual
040 _aFEDL
_beng
_cFEDL
041 _aeng
_2eng
084 _a050, NCE
_qFEDL
100 _aMukerjee A K
_946806
245 0 _aBibliography of periodicals
245 0 _cNational Council of Educational Research and Training
260 _aNew Delhi, India
_bNational Council of Educational Research and Training
_c1964
300 _a118p.
650 _aSerial-Index
_9758417
942 _cTEXL
_h050, NCE
999 _c1347728
_d1347728